000 00694nam a2200217 a 4500
001 BRCA_130
005 20190320202907.0
008 020103s1998 sp-a---##m---#000-0#spa-d
020 _a8427712278
050 4 _aAM7
_b.A35 1998
100 1 _aAguilera García, María del Carmen
_9516
245 1 0 _a¡Vamos al museo!
_bguías y recursos para visitar los museos
_cMaría del Carmen Aguilera, María Villalba.
260 _aMadrid
_bNarcea
_c1998
300 _a126 p.
_bil. a color
_c22 cm.
440 0 _aColección Educación hoy
_9517
500 _aIncluye glosario
504 _aBibliografía: p. 123-124
650 1 4 _aArte
_xDidáctica
_9518
700 1 _aVillalba, María
_9519
942 _2lcc
_cB
999 _c113
_d113